000 00287nam a22001217a 4500
008 140207t xxu||||| |||| 00| 0 eng d
020 _a978-81-203-0470-3
100 _aWilliam J. Goode
_9673
245 _aThe family
250 _asecond edition
300 _aviii, 200 p.
942 _2ddc
_cBK
999 _c16932
_d16932